|
|
|
|
| LEADER |
00786nam a22002172a 4500 |
| 001 |
000050419 |
| 003 |
CZ BrMZK |
| 005 |
20030721132056.0 |
| 008 |
010907s1984 xr f cze d |
| 015 |
|
|
|a cnb000023765
|
| 035 |
|
|
|a (OCoLC)39565055
|
| 040 |
|
|
|a BOA001
|b cze
|
| 100 |
1 |
|
|a Frömel, Karel,
|d 1941-
|7 jn20000400731
|
| 245 |
1 |
0 |
|a Programovaný učební postup skoku do dálky krokem /
|c Karel Frömel, Radko Zavřel.
|
| 260 |
|
|
|a Olomouc :
|b Krajský pedagogický ústav,
|c 1984
|
| 300 |
|
|
|a 21 s.
|
| 700 |
1 |
|
|a Zavřel, Radko,
|d 1933-
|7 kup19930000113916
|
| 910 |
|
|
|a BOA001
|b PK-0098.458
|
| 964 |
|
|
|a Skok daleký - postupy metodické programované - školy střední
|
| 990 |
|
|
|a BK
|
| 996 |
7 |
|
|b 3119979179
|c PK-0098.458
|l MZK
|r Sklad / do 1 hodiny
|n 4
|w 000050419
|u 000010
|a 1
|e BOA001
|j MZK50
|s A
|